Avis V Turner and another (Record no. 79095)

MARC details
000 -LEADER
fixed length control field 01879cab a22002295a 4500
001 - CONTROL NUMBER
control field L139813
008 - FIXED-LENGTH DATA ELEMENTS--GENERAL INFORMATION
fixed length control field 070810e20070719xxk f w 000 0 eng d
035 ## - SYSTEM CONTROL NUMBER
System control number (Sirsi) u139813
041 0# - LANGUAGE CODE
Language code of text/sound track or separate title eng
245 00 - TITLE STATEMENT
Title Avis V Turner and another
Medium [electronic resource]
260 ## - PUBLICATION, DISTRIBUTION, ETC.
Date of publication, distribution, etc. 2007
520 ## - SUMMARY, ETC.
Summary, etc. [2007] EWCA Civ 748, 20 June 2007. The appellant (V) appealed against an order for sale of the former matrimonial home for which the first respondent trustee in bankruptcy (T) had applied on behalf of her former husband, the second respondent (E). V and E had agreed to vary the contracts of trusts on which they had previously held the home, so that V would receive two thirds value of the sale, and E one third. V was to have exclusive occupation rights within the property until the sale. T applied for an order of sale, which V and E opposed. The judge held that V's rights were qualified and would not be violated by the sale order. The issue was whether it was for the court to make the order for sale. "Held": (1) Without some force going beyond the wishes of the parties, arguments based on the Insolvency Act 1986 should be discounted. (2) Directing V and E to sell the house was not inconsistent with the Trust of Land and Appointees in Trust Act. The judge was right to hold that E's rights by order could be overridden by a court?s order for sale. Appeal dismissed.
590 ## - LOCAL NOTE (RLIN)
Local note KA
650 24 - SUBJECT ADDED ENTRY--TOPICAL TERM
Topical term or geographic name entry element AVIS V TURNER AND ANOTHER
650 24 - SUBJECT ADDED ENTRY--TOPICAL TERM
Topical term or geographic name entry element TRUSTS OF LAND AND APPOINTMENTS OF TRUSTEES ACT 1996
650 24 - SUBJECT ADDED ENTRY--TOPICAL TERM
Topical term or geographic name entry element INSOLVENCY ACT 1986
650 24 - SUBJECT ADDED ENTRY--TOPICAL TERM
Topical term or geographic name entry element TRUSTS OF LAND AND APPOINTMENTS OF TRUSTEES ACT 1996 S14
651 #4 - SUBJECT ADDED ENTRY--GEOGRAPHIC NAME
Geographic name England and Wales
Chronological subdivision 1543-
690 ## - LOCAL SUBJECT ADDED ENTRY--TOPICAL TERM (OCLC, RLIN)
Topical term or geographic name as entry element PROPERTY-RESIDENTIAL PROPERTY-ACQUISITION AND DISPOSAL OF RESIDENTIAL PROPERTY
856 40 - ELECTRONIC LOCATION AND ACCESS
Uniform Resource Identifier <a href="https://www.bailii.org/ew/cases/EWCA/Civ/2007/748.html">https://www.bailii.org/ew/cases/EWCA/Civ/2007/748.html</a>
Public note View the judgment free of charge at www.bailii.org...
942 ## - ADDED ENTRY ELEMENTS (KOHA)
Suppress in OPAC 0
Holdings
Withdrawn status Lost status Source of classification or shelving scheme Damaged status Not for loan Home library Current library Shelving location Date acquired Total Checkouts Full call number Barcode Date last seen Copy number Price effective from Koha item type
    Dewey Decimal Classification     Virtual Virtual Online 10/08/2007   ONLINE PUBLICATION 139813-1001 06/08/2019 1 06/08/2019 Law report